Представление документа в формате MARC21

ПолеНазваниеЗначение
  Тип записи a
  Библиографический уровень m
001 Контрольный номер RU/URAIT/490250
003 Принадлежность контрольного номера https://urait.ru/bcode/490250
005 Дата корректировки 20230117154140.1
008 Кодируемые данные
020 Индекс ISBN __
a ISBN 978-5-534-02713-6
c Цена, тираж 699.00
040 Источник каталогиз. __
a Служба первич. каталог. ИКО Юрайт
b Код языка каталог. rus
c Служба, преобразующая запись ИКО Юрайт
041 Код языка издания 0_
a Код языка текста rus
044 Код страны публикации __
a Код страны публикации RU
073 _1
a 9785534027136
d 699.00
080 Индекс УДК __
a Индекс УДК 621.311.018(075.8)
084 Индекс другой классификации/Индекс ББК __
a Индекс другой классификации/Индекс ББК 31.27я73
2 Источник индекса rubbk
091 Индексы/ коды __
a Индекс ББК (DOS) 31.27я73
z rubbk
100 Автор 1_
a Автор Хрущев Ю. В.
q Полное имя Юрий Васильевич
230 __
a Электрон. дан.
245 Заглавие 00
a Заглавие Электроэнергетические системы и сети. Электромеханические переходные процессы
b Продолж. заглавия учебное пособие
c Ответственность Ю. В. Хрущев, К. И. Заподовников, А. Ю. Юшков.
260 Выходные данные 1_
a Место издания Москва
b Издательство Юрайт
c Дата издания 2022
300 Физическое описание __
a Объем 153 с
440 Серия _0
a Серия Высшее образование
500 Примечания __
a Примечание URL: https://urait.ru/bcode/490250 (дата обращения: 29.08.2022).
520 Аннотация __
a Аннотация В пособии изложены наиболее важные положения учебного курса: основные принципы и определения; практические методы анализа статической и динамической устойчивости параллельной работы синхронных электрических машин и нагрузки; средства обеспечения устойчивости. Освещены основы метода малых колебаний, примеры его применения при анализе апериодической и колебательной устойчивости электроэнергетических систем При изложении курса, а также в практических задачах проектирования и эксплуатации электроэнергетических систем используется ряд терминов, основное содержание которых наиболее полно раскрыто в материале пособия, что способствует более успешному овладению студентами материала.
538 Прим. о системных особенностях __
a Прим. о системных особенностях Режим доступа: Электронно-библиотечная система Юрайт, для авториз. пользователей
653 Ключевые слова 2_
a Ключевые слова Энергетика
653 Ключевые слова 2_
a Ключевые слова Прикладные науки. Техника.
653 Ключевые слова 2_
a Ключевые слова Электротехника
653 Ключевые слова 2_
a Ключевые слова Электроэнергетические системы и сети
653 Ключевые слова 2_
a Ключевые слова Электромеханические переходные процессы
653 Ключевые слова 2_
a Ключевые слова Основы электротехники
653 Ключевые слова 2_
a Ключевые слова Электромеханические переходные процессы в электроэнергетических системах
653 Ключевые слова 2_
a Ключевые слова Общая электротехника
653 Ключевые слова 2_
a Ключевые слова Электромеханические переходные процессы и оптимизация режимов
653 Ключевые слова 2_
a Ключевые слова Электромеханические переходные процессы в системах электроснабжения
653 Ключевые слова 2_
a Ключевые слова Электромагнитные и электромеханические переходные процессы в системах электроснабжения
653 Ключевые слова 2_
a Ключевые слова Электроэнергетические сети и системы
653 Ключевые слова 2_
a Ключевые слова Электромагнитные и электромеханические переходные процессы
653 Ключевые слова 2_
a Ключевые слова Электромагнитные и электромеханические переходные процессы в электроэнергетических системах
653 Ключевые слова 2_
a Ключевые слова Переходные электромеханические процессы
653 Ключевые слова 2_
a Ключевые слова Переходные электромеханические процессы в электроэнергетических системах
653 Ключевые слова 2_
a Ключевые слова Переходные электромагнитные и электромеханические процессы в электроэнергетических системах
700 Другие авторы 1_
a Другие авторы Заподовников К. И.
q Полное имя Константин Иванович
700 Другие авторы 1_
a Другие авторы Юшков А. Ю.
q Полное имя Анатолий Юрьевич
856 Электронный адрес документа 40
n Местонахождение сервера Юрайт
g Электронная книга
q Тип электронного формата html
h Имя пользователя ЮРАЙТ
v Часы доступа к ресурсу 20231231
2 Способ доступа Показать документ
x Служебное примечание https://urait.ru/book/cover/5265927C-D151-4B6E-B3CF-7DE25F9B12D9
u URL https://urait.ru/read/490250
856 Электронный адрес документа 41
q Тип электронного формата cover
u URL https://urait.ru/book/cover/5265927C-D151-4B6E-B3CF-7DE25F9B12D9
952 Тип литературы __
c Вид литературы учебное пособие